विराट विश्‍वकर्मा महात्म्य चरित्र कवच स्तोत्र सिद्धी उपनिषदशतनामावली कथासार पूजा सूक्त संस्कृत मराठी. (Record no. 1354740)

MARC details
000 -LEADER
fixed length control field 01729nam a2200181Ia 4500
008 - FIXED-LENGTH DATA ELEMENTS--GENERAL INFORMATION
fixed length control field 151202s9999||||xx |||||||||||||| ||und||
082 ## - DEWEY DECIMAL CLASSIFICATION NUMBER
Item number PNVM-124612
100 ## - MAIN ENTRY--PERSONAL NAME
Personal name संपा. भुरके अनंत रामचंद्र 1140 बुधवार पेठ तुळशीबाग पुणे 411 002.
245 ## - TITLE STATEMENT
Title विराट विश्‍वकर्मा महात्म्य चरित्र कवच स्तोत्र सिद्धी उपनिषदशतनामावली कथासार पूजा सूक्त संस्कृत मराठी.
260 ## - PUBLICATION, DISTRIBUTION, ETC. (IMPRINT)
Name of publisher, distributor, etc भुरके अनंत रामचंद्र 1140 बुधवार पेठ तुळशीबाग पुणे 411 002.
260 ## - PUBLICATION, DISTRIBUTION, ETC. (IMPRINT)
Date of publication, distribution, etc 1968
300 ## - PHYSICAL DESCRIPTION
Extent 80
600 ## - SUBJECT ADDED ENTRY--PERSONAL NAME
Personal name संपा. भुरके अनंत रामचंद्र 1140 बुधवार पेठ तुळशीबाग पुणे 411 002.
630 ## - SUBJECT ADDED ENTRY--UNIFORM TITLE
Uniform title विराट विश्‍वकर्मा महात्म्य चरित्र कवच स्तोत्र सिद्धी उपनिषदशतनामावली कथासार पूजा सूक्त संस्कृत मराठी.
700 ## - ADDED ENTRY--PERSONAL NAME
Personal name संपा. भुरके अनंत रामचंद्र 1140 बुधवार पेठ तुळशीबाग पुणे 411 002.
730 ## - ADDED ENTRY--UNIFORM TITLE
Uniform title विराट विश्‍वकर्मा महात्म्य चरित्र कवच स्तोत्र सिद्धी उपनिषदशतनामावली कथासार पूजा सूक्त संस्कृत मराठी.
942 ## - ADDED ENTRY ELEMENTS (KOHA)
Koha item type Book
Holdings
Withdrawn status Lost status Damaged status Not for loan Home library Current library Date acquired Cost, normal purchase price Total Checkouts Full call number Barcode Date last seen Cost, replacement price Price effective from Koha item type
        Pune Nagar Vachan Mandir, Pune Pune Nagar Vachan Mandir, Pune 06/21/2015 0.00   PNVM-124612 PNVM-124612 12/02/2015 0.00 12/02/2015 Book